| 000 | 00420cam a22001575a 4500 | ||
|---|---|---|---|
| 999 |
_c7766 _d7766 |
||
| 003 | OSt | ||
| 005 | 20200520141732.0 | ||
| 008 | 970716s1996 enk 000 0 eng | ||
| 020 | _a9780419209706 | ||
| 082 | _a720.47HYD | ||
| 100 | 1 | _aHyde, R. | |
| 245 | 1 | 0 |
_aClimate responsive architecture / _cR. Hyde and P. Woods. |
| 260 |
_aLondon : _bE & F Spon, imprint of Chapman & Hall, _c1996. |
||
| 300 | _a192 p. | ||
| 942 | _2ddc | ||